000 00390nam a2200145Ia 4500
008 230312s9999||||xx |||||||||||||| ||und||
020 _a9780864586391
082 _a658.404
_bOLE-I
100 _aStair,Ralph
245 0 _aPrinciple of Information System
260 _bTertiary Press
_aMalaysia
_c2005
300 _a267
650 _aProject Management
_vInformation technology
942 _cBK
999 _c16934
_d16934